| 000 | 00880nam a2200217 i 4500 | ||
|---|---|---|---|
| 001 | 000664854 | ||
| 003 | AM-YeHGA | ||
| 005 | 20250617141728.0 | ||
| 008 | 090608s1987 ||| r 000 0 rus d | ||
| 040 | _aAM-YeHGA | ||
| 041 | 0 | _arus | |
| 100 | 1 | _aЧекалин, Сергей Владимирович | |
| 245 | 1 | 0 |
_aВодный баланс и состояние растений / _cС.В. Чекалин; АН КазССР, Гл. ботан. сад. |
| 260 |
_aАлма-Ата : _bНаука. КазССР, _c1987. |
||
| 300 |
_a167 с. : _bил. |
||
| 504 | _aБиблиогр.: с. 156-166 | ||
| 653 | 0 | _aРастения - Водный режим - Исследование | |
| 653 | 0 | _aЗасухоустойчивость растений - Исследование | |
| 710 | 2 | _aГлавный ботанический сад АН СССР | |
| 090 | _c245639 | ||
| 999 |
_c244054 _d244054 |
||